| 000 | 00350nam a22001577a 4500 | ||
|---|---|---|---|
| 003 | SGT | ||
| 020 | _a0-8261-8011-6 | ||
| 082 | _a616.8, S06B | ||
| 100 | _aBRODY, CLAIRE M. | ||
| 245 | _aSTRATEGIES FOR THERAPY WITH THE ELDERLY | ||
| 250 | _a2ND | ||
| 260 |
_aNEW YORK _bSPRINGER _c2006 |
||
| 300 | _a273 | ||
| 650 | _aPSYCHIATRY | ||
| 942 |
_2ddc _cBK |
||
| 999 |
_c8335 _d8335 |
||